Songs from the First Line(s) - 2024 - Statistics

General Stats
  • This quiz has been taken 74 times
  • The average score is 13 of 30
Answer Stats
Hint Answer % Correct
Songs Guess who's back, back again? / Shady's back, tell a friend / Guess who's back... / Well, look what the stork brung / Little baby devil with the forked tongue Artist(s) Eminem
85%
Songs Chaeyeongiya joaneun / Raendeom geim / Game start / Apateu, apateu / Apateu, apateu / Apateu, apateu / Uh, uh-huh, uh-huh Song APT.
82%
Songs Chaeyeongiya joaneun / Raendeom geim / Game start / Apateu, apateu / Apateu, apateu / Apateu, apateu / Uh, uh-huh, uh-huh Artist(s) Rosé / Bruno Mars
82%
Songs Now he's thinkin' 'bout me every night, oh / Is it that sweet? I guess so / Say you can't sleep, baby, I know Artist(s) Sabrina Carpenter
82%
Songs I know I have good judgment, I know I have good taste / It's funny and it's ironic that only I feel that way Artist(s) Sabrina Carpenter
82%
Songs This ain't Texas (Woo), ain't no hold 'em (Hey) / So lay your cards down, down, down, down / So park your Lexus (Woo) and throw your keys up (Hey) Artist(s) Beyoncé
78%
Songs Now he's thinkin' 'bout me every night, oh / Is it that sweet? I guess so / Say you can't sleep, baby, I know Song Espresso
78%
Songs Psst, I see dead people / Ayy, Mustard on the beat, ho / Deebo any rap *****, he a free throw / Man down, call an amberlamps, tell him, "Breathe, bro" Artist(s) Kendrick Lamar
73%
Songs This ain't Texas (Woo), ain't no hold 'em (Hey) / So lay your cards down, down, down, down / So park your Lexus (Woo) and throw your keys up (Hey) Song Texas Hold 'Em
72%
Songs Psst, I see dead people / Ayy, Mustard on the beat, ho / Deebo any rap *****, he a free throw / Man down, call an amberlamps, tell him, "Breathe, bro" Song Not Like Us
67%
Songs I, I just woke up from a dream / Where you and I had to say goodbye / And I don't know what it all means / But since I survived, I realized Artist(s) Lady Gaga / Bruno Mars
65%
Songs I know I have good judgment, I know I have good taste / It's funny and it's ironic that only I feel that way Song Please Please Please
50%
Songs I, I just woke up from a dream / Where you and I had to say goodbye / And I don't know what it all means / But since I survived, I realized Song Die with a Smile
47%
Songs I want you to stay / 'Til I'm in the grave / 'Til I rot away, dead and buried / 'Til I'm in the casket you carry / If you go, I'm goin' too Artist(s) Billie Eilish
32%
Songs I want you to stay / 'Til I'm in the grave / 'Til I rot away, dead and buried / 'Til I'm in the casket you carry / If you go, I'm goin' too Song Birds of a Feather
30%
Songs Guess who's back, back again? / Shady's back, tell a friend / Guess who's back... / Well, look what the stork brung / Little baby devil with the forked tongue Song Houdini
30%
Songs For a while there, it was rough / But lately, I've been doin' better / Than the last four cold Decembers I recall Song Beautiful Things
25%
Songs For a while there, it was rough / But lately, I've been doin' better / Than the last four cold Decembers I recall Artist(s) Benson Boone
25%
Songs It can't be said I'm an early bird / It's ten o'clock before I say a word / Baby, I can never tell / How do you sleep so well? Artist(s) Hozier
20%
Songs You know I'm impatient / So why would you leave me waiting outside the station / When it was like minus four degrees, and I Song Messy
20%
Songs It can't be said I'm an early bird / It's ten o'clock before I say a word / Baby, I can never tell / How do you sleep so well? Song Too Sweet
20%
Songs You know I'm impatient / So why would you leave me waiting outside the station / When it was like minus four degrees, and I Artist(s) Lola Young
18%
Songs Time stood still / Just like a photograph you made me feel / Like this would last forever lookin' in your eyes / I see my whole life Artist(s) Myles Smith
18%
Songs Time stood still / Just like a photograph you made me feel / Like this would last forever lookin' in your eyes / I see my whole life Song Stargazing
18%
Songs My baby want a Birkin, she's been tellin' me all night long / Gasoline and groceries, the list goes on and on Song A Bar Song (Tipsy)
17%
Songs My baby want a Birkin, she's been tellin' me all night long / Gasoline and groceries, the list goes on and on Artist(s) Shaboozey
17%
Songs You got a lot of nerve, don't you, baby? / I only hit the curb 'cause you made me / You're tellin' all your friends that I'm crazy Artist(s) Post Malone / Morgan Wallen
15%
Songs You got a lot of nerve, don't you, baby? / I only hit the curb 'cause you made me / You're tellin' all your friends that I'm crazy Song I Had Some Help
13%
Songs I am not okay / I'm barely gettin' by / I'm losin' track of days / And losin' sleep at night / I am not okay / I'm hangin' on the rails Song I Am Not Okay
7%
Songs I am not okay / I'm barely gettin' by / I'm losin' track of days / And losin' sleep at night / I am not okay / I'm hangin' on the rails Artist(s) Jelly Roll
7%
No matching quizzes found
Score Distribution
Percent of People with Each Score
Percentile by Number Answered
Your Score History
You have not taken this quiz